[Event "4th ChessMates Murmansk 2020"]
[Site "Murmansk"]
[Date "2020.03.13"]
[Round "2.25"]
[White "Meillon, Judicael"]
[Black "Putar, Lara"]
[Result "1/2-1/2"]
[WhiteElo "2162"]
[BlackElo "1799"]
[Annotator "TA"]
[PlyCount "93"]
[EventDate "2020.03.13"]
[EventType "team-tourn"]
[EventCountry "RUS"]
[SourceTitle "playchess.com"]
[Source "ChessBase"]
[SourceQuality "1"]

{[%evp 21,93,-44,-22,-37,-13,-43,-38,-73,-75,-96,-77,-78,-62,-135,-58,-155,-139,-186,-151,-167,-172,-155,-136,-181,-161,-208,-128,-119,-124,-217,-228,-218,-218,-214,-217,-447,-298,-331,-268,-614,-626,-618,-610,-606,-585,-767,-765,-640,-625,-672,-689,-654,-332,-579,-579,-542,-38,-52,-43,-39,0,0,0,0,0,0,0,-1438,29959,-459,29943,29942,29959,29942]} 1. e4 e6 2. Qe2 c5 3. g3 Be7 4. Nf3 Nc6 5. Bg2 Nf6 6. O-O O-O 7. d3 d5 8. Nbd2 b6 9. Re1 Bb7 10. e5 Nd7 11. Nf1 Qc7 12. Bf4 {C00: French: Unusual White 2nd moves.} Rfe8 13. Ne3 Nf8 14. h4 {[#] Black is slightly better.} Ng6 $146 ({Predecessor:} 14... Rac8 15. Ng5 h6 16. Nxd5 Qd8 17. Nxe7+ Rxe7 18. Ne4 Nd4 19. Qd1 Bxe4 20. Bxe4 Ng6 {½-½ (47) Dang,H-Bui,D Cao Lanh Dong Thap 2006}) 15. h5 Nxf4 ({Worse is} 15... Ngxe5 16. Nxe5 Nxe5 17. Ng4 $14) 16. gxf4 f6 17. h6 (17. c3 $15) 17... g6 ({Better is} 17... gxh6 $17 18. f5 fxe5 19. fxe6 Qd6) 18. Bh3 (18. c4 $15) 18... f5 $17 19. Kh2 Nd4 20. Nxd4 cxd4 21. Ng2 Bf8 22. Rg1 Bxh6 23. Rac1 Bg7 24. Nh4 Qe7 25. Nxg6 (25. Nf3 $17) 25... hxg6 $19 26. Rxg6 Qh4 27. Rcg1 {[#]} Re7 $1 {And now ...Rc8 would win.} ({Not} 27... Qxf4+ 28. Kh1 $11) 28. R1g5 $2 (28. R1g3) 28... Rc8 29. Kg2 Rcc7 30. Rh5 $2 {[#]} (30. Rg3) 30... Rxc2 $1 {[%mdl 576] Deflection} 31. Qxc2 Qxh5 32. Rg3 Kh8 33. Qa4 Bh6 34. Qa3 Qe8 35. Kf3 Bc6 36. Qd6 {intending Bxf5!} Qd7 37. Qb4 $2 (37. Rg6 Bf8 38. Bxf5) 37... Qc7 38. Rg6 Kh7 $2 {[#]} (38... Rh7 $19 39. Rf6 Kg8 40. Rg6+ Bg7) 39. Bxf5 $1 $15 {[%mdl 512]} exf5 40. Rxc6 $1 Qxc6 41. Qxe7+ {[%mdl 64] Double Attack} Bg7 {White must now prevent ...Qg6.} 42. e6 {Hoping for Qf7.} Qb5 43. Qh4+ Kg8 44. Qg5 $2 {[%mdl 8192]} (44. Qd8+ $11 Kh7 45. Qh4+ Bh6 46. Qe7+ {[%mdl 64] Double Attack} Bg7 47. Qh4+) 44... Kh7 $4 {[%mdl 8192]} (44... Qxd3+ $19 45. Kg2 Qe4+ {[%mdl 64] Double Attack} 46. f3 Qe2+ 47. Kg1 Qxe6) 45. Qe7 $4 {[%mdl 8192]} (45. Qxf5+ {is the narrow road to win.} Kg8 46. Qg6 Qb4 47. Qf7+ {[%mdl 64] Double Attack} Kh8 48. e7 Qe1 49. e8=Q+ Qxe8 50. Qxe8+ Kh7 51. Qf7) 45... Qc6 $4 {[%mdl 8192]} (45... Qxd3+ $19 46. Kg2 Qe4+ 47. Kg3 Qh1) 46. Qf7 Qc8 47. Qh5+ {[%mdl 32768] Accuracy: White = 35%, Black = 53%. . An unexpected result.} 1/2-1/2

[Event "4th ChessMates Murmansk 2020"]
[Site "Murmansk"]
[Date "2020.03.13"]
[Round "2.26"]
[White "Solovyev, Vladislav B."]
[Black "Kien, Clovis"]
[Result "1-0"]
[WhiteElo "1410"]
[BlackElo "1765"]
[Annotator "NA"]
[PlyCount "61"]
[EventDate "2020.03.13"]
[EventType "team-tourn"]
[EventCountry "RUS"]
[SourceTitle "playchess.com"]
[Source "ChessBase"]
[SourceQuality "1"]
[TimeControl "5400+30"]

1. e4 {[%emt 0:00:00]} c5 {[%emt 0:02:13]} 2. g3 {[%emt 0:00:00]} Nc6 {[%emt 0:01:27]} 3. Bg2 {[%emt 0:00:00]} d6 {[%emt 0:01:25]} 4. d3 {[%emt 0:00:09]} e6 {[%emt 0:01:13]} 5. f4 {[%emt 0:00:07]} g6 {[%emt 0:00:27]} 6. c3 {[%emt 0:00:16]} Bg7 {[%emt 0:00:12]} 7. Nf3 {[%emt 0:00:10]} Nge7 {[%emt 0:05:06]} 8. Be3 {[%emt 0:00:53]} f5 {[%emt 0:03:25]} 9. Nbd2 {[%emt 0:00:52]} O-O {[%emt 0:01:26]} 10. O-O {[%emt 0:00:07]} b6 {[%emt 0:06:32]} 11. Re1 {[%emt 0:04:23]} Ba6 {[%emt 0:06:43]} 12. Ng5 {[%emt 0:00:35]} Qd7 {[%emt 0:01:03]} 13. exf5 {[%emt 0:01:02]} Nxf5 {[%emt 0:10:47]} 14. Nxe6 {[%emt 0:02:24]} Qxe6 {[%emt 0:18:33]} 15. Bxc6 {[%emt 0:00:08]} Rac8 {[%emt 0:04:59]} 16. Qf3 {[%emt 0:03:41]} Ne7 {[%emt 0:14:30]} 17. Bb7 {[%emt 0:00:30]} Bxb7 {[%emt 0:00:23]} 18. Qxb7 {[%emt 0:00:05]} Qf6 {[%emt 0:05:31]} 19. Ne4 {[%emt 0:02:07]} Qe6 {[%emt 0:00:44]} 20. Ng5 {[%emt 0:00:10]} Qf6 {[%emt 0:00:31]} 21. Bf2 {[%emt 0:00:13]} Nf5 {[%emt 0:00:45]} 22. Re6 {[%emt 0:00:54]} Qd8 {[%emt 0:01:43]} 23. g4 {[%emt 0:02:34]} Nh6 {[%emt 0:00:58]} 24. Qd5 {[%emt 0:00:23]} Kh8 {[%emt 0:00:31]} 25. Rxd6 Qe8 {[%emt 0:03:11]} 26. Re1 {[%emt 0:00:34]} Qb5 {[%emt 0:00:26]} 27. Re7 {[%emt 0:01:33]} Rxf4 {[%emt 0:02:03]} 28. Rxg7 {[%emt 0:01:11]} Rxg4+ {[%emt 0:03:44]} 29. Bg3 {[%emt 0:00:27]} Kxg7 {[%emt 0:01:07]} 30. Rd7+ {[%emt 0:00:23]} Kf8 {[%emt 0:00:57]} 31. Nxh7+ {[%emt 0:00:23]} 1-0

[Event "4th ChessMates Murmansk 2020"]
[Site "Murmansk"]
[Date "2020.03.13"]
[Round "2.27"]
[White "Gherghinoiu, Lucas"]
[Black "Iarovoi, Dmitrii"]
[Result "1-0"]
[WhiteElo "2109"]
[BlackElo "1346"]
[Annotator "ChessBase"]
[PlyCount "75"]
[EventDate "2020.03.13"]
[EventType "team-tourn"]
[EventCountry "RUS"]
[SourceTitle "playchess.com"]
[Source "ChessBase"]
[SourceQuality "1"]
[TimeControl "5400+30"]

1. e4 {[%emt 0:00:00]} e6 {[%emt 0:00:00]} 2. d4 {[%emt 0:00:00]} d5 {[%emt 0:00:04]} 3. e5 {[%emt 0:00:00]} c5 {[%emt 0:00:05]} 4. c3 {[%emt 0:00:00]} Qb6 {[%emt 0:00:08]} 5. Nf3 {[%emt 0:00:24]} Nc6 {[%emt 0:00:06]} 6. a3 {[%emt 0:00:23]} Nge7 {[%emt 0:00:26]} 7. b4 {[%emt 0:00:38]} cxd4 {[%emt 0:00:21]} 8. cxd4 {[%emt 0:00:10]} Nf5 {[%emt 0:00:13]} 9. Be3 {[%emt 0:00:56]} Bd7 {[%emt 0:01:48]} 10. Bd3 {[%emt 0:01:45]} Nxe3 {[%emt 0:00:27]} 11. fxe3 {[%emt 0:00:08]} Rc8 {[%emt 0:00:58]} 12. O-O {[%emt 0:01:40]} h6 {[%emt 0:01:20]} 13. Nbd2 {[%emt 0:04:43]} Be7 {[%emt 0:01:00]} 14. Nb3 {[%emt 0:01:51]} O-O {[%emt 0:01:18]} 15. Ra2 {[%emt 0:05:09]} a5 {[%emt 0:01:40]} 16. b5 {[%emt 0:04:57]} Nb8 {[%emt 0:00:15]} 17. a4 {[%emt 0:00:59]} Rc3 {[%emt 0:01:20]} 18. Nc1 {[%emt 0:02:51]} Ra3 {[%emt 0:03:10]} 19. Rxa3 {[%emt 0:05:01]} Bxa3 {[%emt 0:00:02]} 20. Ne2 {[%emt 0:01:14]} Rc8 {[%emt 0:04:01]} 21. Bb1 {[%emt 0:04:35]} Bf8 {[%emt 0:05:46]} 22. h4 {[%emt 0:06:38]} h5 {[%emt 0:04:15]} 23. Qd3 {[%emt 0:04:42]} g6 {[%emt 0:00:06]} 24. Ng5 {[%emt 0:02:46]} Be8 {[%emt 0:00:06]} 25. Nf4 {[%emt 0:02:25]} Bg7 {[%emt 0:04:45]} 26. g4 {[%emt 0:06:03]} Bh6 {[%emt 0:04:01]} 27. gxh5 {[%emt 0:13:51]} Bxg5 {[%emt 0:00:18]} 28. hxg5 {[%emt 0:01:29]} Rc7 {[%emt 0:04:43]} 29. hxg6 {[%emt 0:01:09]} fxg6 {[%emt 0:00:02]} 30. Nxg6 {[%emt 0:00:40]} Rf7 {[%emt 0:01:43]} 31. Rxf7 Bxf7 {[%emt 0:00:41]} 32. Nf4 {[%emt 0:05:15]} Qd8 {[%emt 0:02:19]} 33. Qh7+ {[%emt 0:00:29]} Kf8 {[%emt 0:00:01]} 34. Qh6+ {[%emt 0:05:45]} Ke7 {[%emt 0:00:59]} 35. g6 {[%emt 0:00:41]} Qg8 {[%emt 0:01:10]} 36. Kf2 {[%emt 0:00:38]} Be8 {[%emt 0:00:15]} 37. Qh7+ {[%emt 0:00:34]} Kf8 {[%emt 0:00:08]} 38. g7+ {[%emt 0:01:14]} 1-0

[Event "4th ChessMates Murmansk 2020"]
[Site "Murmansk"]
[Date "2020.03.13"]
[Round "2.28"]
[White "Pereverzev, Valerii"]
[Black "Fougerat, Emma"]
[Result "1/2-1/2"]
[WhiteElo "1379"]
[BlackElo "1668"]
[Annotator "NA RC"]
[PlyCount "55"]
[EventDate "2020.03.13"]
[EventType "team-tourn"]
[EventCountry "RUS"]
[SourceTitle "playchess.com"]
[Source "ChessBase"]
[SourceQuality "1"]
[TimeControl "5400+30"]

1. e4 {[%emt 0:00:00]} c5 {[%emt 0:00:00]} 2. Nf3 {[%emt 0:00:00]} d6 {[%emt 0:00:00]} 3. d4 {[%emt 0:00:00]} cxd4 {[%emt 0:00:00]} 4. Nxd4 {[%emt 0:00:01]} Nf6 {[%emt 0:00:00]} 5. Nc3 {[%emt 0:00:07]} g6 {[%emt 0:00:16]} 6. Be3 {[%emt 0:01:00]} Bg7 {[%emt 0:00:05]} 7. f3 {[%emt 0:00:06]} O-O {[%emt 0:00:06]} 8. Bc4 {[%emt 0:00:34]} a6 {[%emt 0:00:53]} 9. Bb3 {[%emt 0:00:09]} Nc6 {[%emt 0:02:30]} 10. Qd2 {[%emt 0:00:13]} Bd7 {[%emt 0:07:36]} 11. O-O-O {[%emt 0:00:24]} b5 {[%emt 0:07:09]} 12. Nxc6 {[%emt 0:07:49]} Bxc6 {[%emt 0:00:13]} 13. Bh6 {[%emt 0:00:32]} a5 {[%emt 0:09:48]} 14. Bxg7 {[%emt 0:00:11]} Kxg7 {[%emt 0:00:04]} 15. Bd5 {[%emt 0:01:36]} Bxd5 {[%emt 0:07:53]} 16. Nxd5 {[%emt 0:00:22]} Nxd5 {[%emt 0:07:15]} 17. exd5 {[%emt 0:00:12]} Qc7 {[%emt 0:01:15]} 18. h4 {[%emt 0:03:57]} h5 {[%emt 0:02:45]} 19. g4 {[%emt 0:00:54]} Rh8 {[%emt 0:00:45]} 20. Rde1 {[%emt 0:00:57]} Rac8 {[%emt 0:01:42]} 21. Kb1 {[%emt 0:00:21]} b4 {[%emt 0:01:09]} 22. g5 {[%emt 0:00:56]} Rhe8 {[%emt 0:06:54]} 23. Rh2 {[%emt 0:02:52]} Qc4 {[%emt 0:04:56]} 24. Rd1 {[%emt 0:31:20]} Rc5 {[%emt 0:06:55]} 25. f4 {[%emt 0:09:42]} Qe4 {[%emt 0:06:24]} 26. Qd4+ {[%emt 0:02:02]} Qxd4 {[%emt 0:00:16]} 27. Rxd4 {[%emt 0:00:07]} Rec8 {[%emt 0:01:04]} 28. Rhd2 {[%emt 0:09:01]} 1/2-1/2

[Event "4th ChessMates Murmansk 2020"]
[Site "Murmansk"]
[Date "2020.03.13"]
[Round "2.30"]
[White "Bueckert, Lucy"]
[Black "Ider, Bayar"]
[Result "0-1"]
[WhiteElo "1302"]
[BlackElo "1730"]
[Annotator "NA"]
[PlyCount "34"]
[EventDate "2020.03.13"]
[EventType "team-tourn"]
[EventCountry "RUS"]
[SourceTitle "playchess.com"]
[Source "ChessBase"]
[SourceQuality "1"]
[TimeControl "5400+30"]

1. f4 {[%emt 0:00:00]} d5 {[%emt 0:00:00]} 2. Nf3 {[%emt 0:00:00]} Nf6 {[%emt 0:00:00]} 3. e3 {[%emt 0:00:08]} e6 {[%emt 0:00:11]} 4. b3 {[%emt 0:00:12]} Bd6 {[%emt 0:00:21]} 5. Bb2 {[%emt 0:00:24]} Nbd7 {[%emt 0:00:45]} 6. Be2 {[%emt 0:00:20]} c5 {[%emt 0:01:19]} 7. d3 {[%emt 0:00:16]} Qc7 {[%emt 0:00:13]} 8. Nbd2 {[%emt 0:01:30]} e5 {[%emt 0:01:19]} 9. fxe5 {[%emt 0:01:55]} Nxe5 {[%emt 0:00:04]} 10. O-O {[%emt 0:00:45]} Neg4 {[%emt 0:00:18]} 11. Qe1 {[%emt 0:01:21]} Bxh2+ {[%emt 0:00:32]} 12. Kh1 {[%emt 0:03:56]} Bg3 {[%emt 0:00:11]} 13. Qc1 {[%emt 0:00:17]} Nf2+ {[%emt 0:00:38]} 14. Kg1 {[%emt 0:01:54]} N6g4 {[%emt 0:00:16]} 15. Rxf2 {[%emt 0:00:47]} Bxf2+ 16. Kf1 {[%emt 0:00:16]} Qg3 {[%emt 0:00:41]} 17. Bxg7 {[%emt 0:05:29]} Nxe3# {[%emt 0:00:06]} 0-1

[Event "4th ChessMates Murmansk 2020"]
[Site "Murmansk"]
[Date "2020.03.14"]
[Round "3.1"]
[White "Venkatesan, Kavin"]
[Black "Andrijashkin, Deniss"]
[Result "1/2-1/2"]
[WhiteElo "2021"]
[BlackElo "1946"]
[Annotator "TA"]
[PlyCount "117"]
[EventDate "2020.03.13"]
[EventType "team-tourn"]
[EventCountry "RUS"]
[SourceTitle "playchess.com"]
[Source "ChessBase"]
[SourceQuality "1"]

{[%evp 11,117,12,36,25,17,21,29,36,52,16,35,19,17,15,16,19,27,20,16,8,8,0,15,-27,4,0,18,20,24,0,74,0,16,-7,35,37,36,37,47,55,72,74,76,70,161,0,1,-24,-26,-60,16,16,23,-4,41,0,16,16,12,22,27,0,0,0,11,0,39,35,39,35,53,16,16,16,16,16,16,16,16,16,16,0,16,17,147,147,147,147,265,265,265,265,258,258,345,344,199,0,0,0,0,0,0,0,0,-121,-109,-38]} 1. d4 Nf6 2. c4 g6 3. Nc3 Bg7 4. Nf3 d6 5. Bg5 O-O 6. e3 Nc6 7. Be2 {E61: King's Indian: Early deviations for White, including Smyslov System.} h6 8. Bh4 Re8 9. O-O {White has an edge.} e5 {[#]} 10. d5 $146 ({Predecessor:} 10. dxe5 dxe5 11. Qb3 g5 12. Rad1 Qe7 13. Bg3 Qb4 14. Qc2 Bg4 15. h3 Bxf3 16. Bxf3 Qxc4 {1-0 (29) Thornton,F (1712)-Salim Moussa,A (1357) Batumi 2018}) 10... Ne7 11. Bxf6 Bxf6 12. e4 Bg7 13. Rc1 h5 14. Qb3 Bh6 15. Rcd1 b6 16. Qc2 Rf8 17. b4 Kg7 18. c5 a6 19. a3 f5 20. Qb2 g5 (20... Rb8 $11) 21. exf5 (21. Nxe5 $1 $16 {Black must now prevent cxd6.} dxe5 22. d6 cxd6 23. Rxd6 {[%mdl 64] Double Attack}) 21... Bxf5 22. Bd3 Bg4 23. Be4 Ng6 24. Ne2 Qf6 25. Qc2 Nf4 26. Nxf4 Qxf4 27. Rde1 Bd7 (27... Bxf3 $14 28. gxf3 bxc5) 28. c6 $2 (28. cxd6 $18 cxd6 29. Qc7 {[%mdl 64] Double Attack}) 28... Bc8 $11 29. Nd2 g4 30. Nc4 Qg5 ({Better is} 30... Bf5 $15) 31. Ne3 h4 32. a4 Rf7 33. Kh1 a5 34. b5 $1 Qh5 35. Qe2 Qg5 36. Qd3 Qh5 37. Kg1 Rf8 38. Qe2 Qg5 39. Bc2 Kg8 40. Qd3 {[%csl Gc2][%cal Rd3h7]} Qg7 41. Qg6 Qxg6 42. Bxg6 Kg7 43. Bc2 Bg5 44. g3 h3 45. Be4 Kh6 46. Bc2 (46. Bd3 {seems wilder.} Kh5 47. Re2 Kh6 48. Rb2 Kh5 49. Bc2) 46... Kg7 47. Bd1 Bxe3 (47... Rf7 $11 {remains equal.}) 48. fxe3 $16 Bf5 49. e4 Bg6 (49... Bc8 $16 50. Be2 Rf7 51. Rxf7+ Kxf7) 50. Bxg4 Rxf1+ 51. Kxf1 $18 {[%mdl 4096] Endgame KRB-KRB} Rf8+ 52. Kg1 Kh6 {[#]} 53. Re3 $1 ({Less strong is} 53. Bxh3 Rf3 $16) 53... Bh5 {[#]} 54. Bxh3 $2 (54. Bf5 $1 $18) 54... Rf3 $1 $11 {[%cal Rf3e3]} 55. Rxf3 Bxf3 56. Bg2 $1 {[%cal Rg2f3]} Bd1 57. Kf2 Bxa4 58. Ke2 (58. Bf3 $1 $11 {keeps the balance.}) 58... Bxb5+ $17 59. Kd2 {Black defended with fortune. Accuracy: White = 76%, Black = 70%.} 1/2-1/2

[Event "4th ChessMates Murmansk 2020"]
[Site "Murmansk"]
[Date "2020.03.14"]
[Round "3.2"]
[White "Vaino, Nikita"]
[Black "Goss, Alex"]
[Result "0-1"]
[WhiteElo "1788"]
[BlackElo "1811"]
[Annotator "NA RC"]
[PlyCount "34"]
[EventDate "2020.03.13"]
[EventType "team-tourn"]
[EventCountry "RUS"]
[SourceTitle "playchess.com"]
[Source "ChessBase"]
[SourceQuality "1"]
[TimeControl "5400+30"]

{[%evp 9,34,-2,32767,32767,32767,0,0,0,0,-5,1,-4,0,0,0,-116,-117,-313,-295,-410,-414,-472,-497,-915,-600,-1282,-1519]} 1. c4 {[%emt 0:00:00]} f5 {[%emt 0:00:00]} 2. Nc3 {[%emt 0:00:00]} Nf6 {[%emt 0:00:00]} 3. d3 {[%emt 0:00:00]} e5 {[%emt 0:00:00]} 4. g3 {[%emt 0:00:00]} Bb4 {[%emt 0:00:07]} 5. Bg2 {[%emt 0:00:35]} O-O {[%emt 0:00:08]} 6. Qb3 {[%emt 0:02:52]} c5 {[%emt 0:01:33]} 7. Nf3 {[%emt 0:09:03]} Nc6 {[%emt 0:00:39]} 8. O-O {[%emt 0:01:57]} Bxc3 {[%emt 0:00:13]} 9. Qxc3 {[%emt 0:01:09]} d6 {[%emt 0:00:14]} 10. a3 {[%emt 0:00:40]} a5 {[%emt 0:01:24]} 11. e3 {[%emt 0:05:20]} Qe8 {[%emt 0:01:05]} 12. Rd1 {[%emt 0:04:07]} (12. b3 $11) 12... Qh5 {[%emt 0:01:17]} 13. Qd2 $2 {[%emt 0:11:13] [#]} (13. Rf1 $17 {is a better defense.}) 13... f4 $1 {[%emt 0:02:42]} 14. Nh4 {[%emt 0:10:10]} g5 {[%emt 0:08:42]} 15. Bxc6 {[%emt 0:02:22]} bxc6 {[%emt 0:01:36]} 16. Ng2 {[%emt 0:00:14]} (16. exf4 $142 gxh4 17. Re1) 16... Qh3 {[%emt 0:00:51]} 17. exf4 {[%emt 0:00:52]} Ng4 $19 {[%emt 0:00:30]} 0-1

[Event "4th ChessMates Murmansk 2020"]
[Site "Murmansk"]
[Date "2020.03.14"]
[Round "3.3"]
[White "Putar, Leon"]
[Black "Aga, Rihard"]
[Result "0-1"]
[WhiteElo "1885"]
[BlackElo "2054"]
[Annotator "TA"]
[PlyCount "76"]
[EventDate "2020.03.13"]
[EventType "team-tourn"]
[EventCountry "RUS"]
[SourceTitle "playchess.com"]
[Source "ChessBase"]
[SourceQuality "1"]

{[%evp 15,76,0,0,-16,-12,-28,0,-22,0,-31,-31,-27,0,-30,-37,-39,-10,-12,-9,-5,41,-56,50,-60,-53,-45,-37,-64,-36,-54,-50,-63,-39,-65,-40,-89,-46,-64,-54,-129,-112,-156,-151,-229,-232,-335,-340,-447,-452,-477,-472,-593,-573,-564,-520,-29984,-29985,-29993,-29990,-29993,-29993,-29997,-29998]} 1. e4 c6 2. d4 d5 3. exd5 cxd5 4. Bd3 Nc6 5. c3 Nf6 6. h3 g6 7. Bf4 Bf5 8. Bxf5 {8.Be2 is the modern continuation. Played by Peter Svidler in October 2019.} gxf5 9. Qb3 {B13: Caro-Kann: Exchange Variation and Panov-Botvinnik Attack.} Qd7 10. Nf3 e6 11. Nbd2 {The position is equal.} Rg8 {[#]} 12. O-O $146 ({Predecessor:} 12. Rg1 O-O-O 13. Ne5 Nxe5 14. Bxe5 Ne4 15. Nxe4 fxe4 16. c4 Bd6 17. Bf6 Be7 18. Bxe7 Qxe7 {½-½ (36) Huse,S (2188)-Machlik,E (2062) Norway 2019}) 12... Nh5 13. Bh2 Bh6 14. Rad1 Bf4 15. c4 Bxh2+ 16. Kxh2 O-O-O 17. cxd5 exd5 18. Rc1 (18. Ne5 $14 Qc7 19. Kh1) 18... f6 (18... Qd6+ $1 $15 19. Kh1 Kb8) 19. Rc5 (19. Nh4 $14) 19... Nf4 $15 20. g3 Ne6 {[%mdl 64] Double Attack} 21. Rc3 f4 $36 {[%mdl 2048] Black is more active.} 22. Rfc1 fxg3+ 23. fxg3 Qd6 24. Nf1 Rde8 25. Qa4 {[%cal Rc3c6]} Nc7 26. R1c2 Re4 27. Kg1 (27. b4 $15 a6 28. Rxc6 bxc6 29. Rxc6 Re2+ 30. Kh1) 27... Qe6 $17 28. Kf2 Re8 ({Wrong is} 28... Qxh3 $2 29. Rxc6 bxc6 30. Qxc6 $18) 29. g4 {[#]} (29. Kg1 $17) 29... h5 $1 $19 {[%cal Rh5g4][%mdl 512]} 30. Rxc6 (30. Ng3 $142 hxg4 31. hxg4) (30. gxh5 Re2+) 30... bxc6 31. Rxc6 Qd7 32. Qa6+ Kb8 33. Qa4 {And now Rb6+! would win.} Re2+ 34. Kg1 {Rb6+! is the strong threat.} Ka8 35. b4 (35. Rc4 $19 Qxa4 36. Rxa4) 35... hxg4 {Black mates.} 36. Ng5 fxg5 37. b5 gxh3 38. b6 Qg4+ {Accuracy: White = 39%, Black = 68%.} 0-1

[Event "4th ChessMates Murmansk 2020"]
[Site "Murmansk"]
[Date "2020.03.14"]
[Round "3.4"]
[White "Nikitin, Arseni EST"]
[Black "Timoshenko, Fedor"]
[Result "1-0"]
[WhiteElo "1680"]
[BlackElo "1621"]
[Annotator "NA RC"]
[PlyCount "39"]
[EventDate "2020.03.13"]
[EventType "team-tourn"]
[EventCountry "RUS"]
[SourceTitle "playchess.com"]
[Source "ChessBase"]
[SourceQuality "1"]
[TimeControl "5400+30"]

1. e4 {[%emt 0:00:00]} e5 {[%emt 0:03:40]} 2. Nc3 {[%emt 0:00:23]} Nf6 {[%emt 0:00:23]} 3. f4 {[%emt 0:01:14]} d6 {[%emt 0:02:20]} 4. Nf3 {[%emt 0:00:14]} Nc6 {[%emt 0:00:49]} 5. d3 {[%emt 0:00:22]} Bg4 {[%emt 0:02:16]} 6. h3 {[%emt 0:00:48]} Bxf3 {[%emt 0:00:28]} 7. Qxf3 {[%emt 0:00:06]} Qd7 {[%emt 0:01:06]} 8. g4 {[%emt 0:02:47]} Nd4 {[%emt 0:02:15]} 9. Qf2 {[%emt 0:00:13]} Be7 {[%emt 0:05:18]} 10. Be3 {[%emt 0:01:05]} c5 {[%emt 0:02:37]} 11. O-O-O {[%emt 0:08:55]} O-O-O {[%emt 0:00:34]} 12. g5 {[%emt 0:00:54]} Ng8 {[%emt 0:00:35]} 13. h4 {[%emt 0:00:24]} h6 {[%emt 0:00:21]} 14. Bh3 {[%emt 0:00:06]} Ne6 {[%emt 0:05:05]} 15. f5 {[%emt 0:00:10]} Nxg5 {[%emt 0:00:55]} 16. hxg5 {[%emt 0:00:19]} Bxg5 {[%emt 0:00:41]} 17. f6 {[%emt 0:00:12]} Bxe3+ {[%emt 0:05:08]} 18. Qxe3 {[%emt 0:00:08]} Nxf6 {[%emt 0:00:04]} 19. Bxd7+ {[%emt 0:00:06]} Rxd7 {[%emt 0:00:12]} 20. Rdg1 {[%emt 0:00:10]} 1-0

[Event "4th ChessMates Murmansk 2020"]
[Site "Murmansk"]
[Date "2020.03.14"]
[Round "3.5"]
[White "Putar, Lara"]
[Black "Rikas, Artur"]
[Result "1-0"]
[WhiteElo "1799"]
[BlackElo "1580"]
[Annotator "NA RC"]
[PlyCount "49"]
[EventDate "2020.03.13"]
[EventType "team-tourn"]
[EventCountry "RUS"]
[SourceTitle "playchess.com"]
[Source "ChessBase"]
[SourceQuality "1"]
[TimeControl "5400+30"]

1. d4 {[%emt 0:00:00]} Nf6 {[%emt 0:00:40]} 2. c4 {[%emt 0:00:00]} c5 {[%emt 0:00:03]} 3. d5 {[%emt 0:00:00]} e6 {[%emt 0:00:05]} 4. Nc3 {[%emt 0:02:52]} exd5 {[%emt 0:00:06]} 5. cxd5 {[%emt 0:00:20]} d6 {[%emt 0:00:05]} 6. e4 {[%emt 0:01:03]} g6 {[%emt 0:00:05]} 7. f4 {[%emt 0:01:11]} Bg7 {[%emt 0:00:14]} 8. Nf3 {[%emt 0:01:09]} O-O {[%emt 0:00:12]} 9. Be2 {[%emt 0:02:12]} a6 {[%emt 0:00:12]} 10. a4 {[%emt 0:00:09]} Re8 {[%emt 0:00:07]} 11. Qc2 {[%emt 0:02:28]} Nbd7 {[%emt 0:00:13]} 12. O-O {[%emt 0:01:43]} Rb8 {[%emt 0:00:06]} 13. Bd2 {[%emt 0:02:02]} c4 {[%emt 0:13:32]} 14. Bxc4 {[%emt 0:01:40]} Nc5 {[%emt 0:11:07]} 15. e5 {[%emt 0:10:54]} Bf5 {[%emt 0:03:56]} 16. Qd1 {[%emt 0:02:20]} Nfe4 {[%emt 0:08:43]} 17. Be3 {[%emt 0:13:20]} Nxc3 {[%emt 0:04:31]} 18. bxc3 {[%emt 0:00:15]} b5 {[%emt 0:01:22]} 19. axb5 {[%emt 0:01:56]} axb5 {[%emt 0:00:27]} 20. Bxc5 {[%emt 0:04:38]} dxc5 {[%emt 0:00:44]} 21. Ba2 {[%emt 0:07:44]} Qb6 {[%emt 0:12:59]} 22. d6 {[%emt 0:02:48]} Ra8 {[%emt 0:08:53]} 23. Bxf7+ {[%emt 0:03:02]} Kxf7 {[%emt 0:00:35]} 24. Rxa8 {[%emt 0:00:07]} c4+ {[%emt 0:00:35]} 25. Kh1 {[%emt 0:00:20]} 1-0